LEADER 01120cam0-2200385---450 001 990009372490403321 005 20220513092546.0 010 $a978-88-386-6639-1 035 $a000937249 100 $a20110607d2010----km-y0itay50------ba 101 0 $aita 102 $aIT 105 $aa-------001yy 200 1 $aEconomia del turismo e delle destinazioni$fGuido Candela, Paolo Figini 205 $a2.ed. 210 $aMilano [etc.]$cMcGraw-Hill$d2010 215 $aXXX, 507 p.$cill.$d24 cm 225 1 $aCollana di istruzione scientifica$iSerie di economia 610 0 $aTurismo$aEconomia 676 $a338.4791 700 1$aCandela,$bGuido$088930 701 1$aFigini,$bPaolo$0149222 801 0$aIT$bUNINA$gREICAT$2UNIMARC 901 $aBK 912 $a990009372490403321 952 $aVII A 798$b46019$fFSPBC 952 $aCSTEGI8A$b19793$fDECBC 952 $aCSTEGI8B$b2924$fDECBC 952 $aCSTEGI8C$b2998$fDECBC 952 $aA-G 1082$b2022/421$fILFGE 959 $aDECBC 959 $aFSPBC 959 $aILFGE 996 $aEconomia del turismo e delle destinazioni$914946 997 $aUNINA LEADER 01590nam 2200481 450 001 9910715479203321 005 20210323121641.0 035 $a(CKB)5470000002511250 035 $a(OCoLC)1242934269 035 $a(EXLCZ)995470000002511250 100 $a20210323d1985 ua 0 101 0 $aeng 135 $aurbn||||||||| 181 $ctxt$2rdacontent 182 $cc$2rdamedia 183 $acr$2rdacarrier 200 10$aEnergy efficient engine $eflight propulsion system, final design and analysis /$fby D.Y. Davis, E.M. Stearns 210 1$a[Washington, D.C.] :$cNational Aeronautics and Space Administration,$d1985. 215 $a1 online resource (xii, 158 pages) $cillustrations 225 1 $a[NASA contractor report] ;$vNASA CR-168219 300 $a"August 1985." 300 $a"R83AEB488." 320 $aIncludes bibliographical references (page 149). 517 $aEnergy efficient engine 606 $aEnergy conservation 606 $aAirplanes$xMotors 606 $aEnergy conservation$2nasat 606 $aAirplanes$xMotors$2fast 606 $aEnergy conservation$2fast 615 0$aEnergy conservation. 615 0$aAirplanes$xMotors. 615 7$aEnergy conservation. 615 7$aAirplanes$xMotors. 615 7$aEnergy conservation. 700 $aDavis$b D. Y.$01420645 702 $aStearns$b E. M. 712 02$aUnited States.$bNational Aeronautics and Space Administration, 801 0$bGPO 801 1$bGPO 906 $aBOOK 912 $a9910715479203321 996 $aEnergy efficient engine$93539267 997 $aUNINA